1st 20 Elements in Order (Names) - Statistics

General Stats
  • This quiz has been taken 82 times
  • The average score is 18 of 20
Answer Stats
Atomic # Element % Correct
6 Carbon
100%
2 Helium
100%
1 Hydrogen
100%
9 Flourine
96%
10 Neon
96%
8 Oxygen
96%
4 Beryllium
93%
5 Boron
93%
3 Lithium
93%
7 Nitrogen
93%
19 Potassium
89%
11 Sodium
89%
16 Sulfur
89%
20 Calcium
85%
12 Magnesium
85%
14 Silicon
85%
18 Argon
81%
17 Chlorine
81%
15 Phosphorus
81%
13 Aluminium
78%
No matching quizzes found
Score Distribution
Percent of People with Each Score
Percentile by Number Answered
Your Score History
You have not taken this quiz